00426 2200157 4500245005800000250001100058100001800069700001400087700001800101650002100119005001900140260007600159041001400235084001000249336000900259 aAsal Usul Ular Tikus Tak BerbisacKhim LikkhenahText aCet. 1 aKhim Likkhena aHour Leng aNurul Pratiwi aCerita Bergambar a20241001144158 aJakartabKementerian Pendidikan, Kebudayaan, Riset, dan Teknologic2021 aIndonesia a741.5 atext